000 02281cam a2200421 i 4500
001 990196762840107026
003 UkOxU
005 20250627100539.0
008 140312t20142011enk 001 0 eng|c
015 _aGBB405398
_2bnb
020 _a9780091955106 (pbk.) :
035 _a(UkOxU)019676284
035 _a(UkOxU)019676284BIB01
035 _a(UkCU)5677860
035 _a(Uk)016603032
040 _aStDuBDS
_beng
_erda
_cStDuBDS
_dUkCU
041 1 _aeng
_ajpn
042 _aukscp
100 _aKondo, Marie
_eauthor.
_911818
240 1 0 _aJinsei ga tokimeku katazuke no mahō.
_lEnglish
245 1 4 _aThe life-changing magic of tidying
_c/ Marie Kondo ; translated from the Japanese by Cathy Hirano.
264 1 _aLondon :
_bVermilion,
_c2014.
300 _a248 pages ;
_c20 cm
500 _aIncludes index.
500 _aFirst published: Tokyo, Japan : Sunmark Publishing, Inc., 2010.
520 _aDespite constant efforts to declutter your home, do papers still accumulate like snowdrifts and clothes pile up like a tangled mess of noodles? Japanese cleaning consultant Marie Kondo takes tidying to a whole new level, promising that if you properly simplify and organize your home once, you’ll never have to do it again. Most methods advocate a room-by-room or little-by-little approach, which doom you to pick away at your piles of stuff forever. The KonMari Method, with its revolutionary category-by-category system, leads to lasting results. In fact, none of Kondo’s clients have lapsed (and she still has a three-month waiting list). With detailed guidance for determining which items in your house “spark joy” (and which don’t), this international bestseller will help you clear your clutter and enjoy the unique magic of a tidy home—and the calm, motivated mindset it can inspire.
546 _aTranslated from the Japanese.
650 0 _aHouse cleaning
_911814
650 0 _aOrderliness
_910686
650 0 _aStorage in the home
_911815
650 0 _aOrganizational effectiveness
_92451
650 0 _aSelf-actualization (Psychology)
_97023
650 0 _aTime management
_94133
650 0 _aInterpersonal relations
_91674
650 0 _aQuality of life
_910910
700 _aHirano, Cathy,
_etranslator
_925614
942 _2lcc
999 _c2589
_d2589